000
00282nam a2200133Ia 4500
100
_a
Patel R.C & Pandya/A.D
942
_c
BK
654
_a
Design
245
_a
Machine Design Vol I
260
_b
Acharya Book Depot
_c
1965
082
_a
621.8
300
_a
352
546
_a
ENGLISH
999
_c
27660
_d
27660